[Event "Toronto Howard Ridout Swiss U2000"]
[Site "Toronto"]
[Date "2010.10.14"]
[Round "5"]
[White "Jizan, Masoud"]
[Black "Yusuf, Magas"]
[Result "0-1"]
[WhiteElo "1819"]
[BlackElo "1858"]
[PlyCount "80"]
[EventDate "2010.09.09"]
[EventType "swiss"]
[EventRounds "6"]
[EventCountry "CAN"]
[SourceTitle "EXT 2022"]
[Source "ChessBase"]
[SourceDate "2021.10.06"]
[SourceVersion "1"]
[SourceVersionDate "2021.10.06"]
[SourceQuality "1"]

1. e4 e5 2. f4 exf4 3. Nf3 g5 4. Bc4 d6 5. h3 Bg7 6. d4 h6 7. Nc3 Nc6 8. a3 Qe7 9. Qd3 f5 10. Bd2 fxe4 11. Nxe4 Bf5 12. 0-0-0 Bxe4 13. Qb3 0-0-0 14. Rhe1 d5 15. Bb5 Qd6 16. Bxc6 Qxc6 17. Ne5 Bxe5 18. dxe5 Ne7 19. Bb4 Nf5 20. Re2 Ne3 21. Rdd2 Rhe8 22. Rxe3 fxe3 23. Qxe3 Qc4 24. b3 Qf1+ 25. Kb2 Qf4 26. Qxa7 Qxe5+ 27. Bc3 d4 28. Qa8+ Kd7 29. Rxd4+ Qxd4 30. Qxd8+ Rxd8 31. Bxd4 Ke6 32. c3 Rxd4 33. cxd4 Bxg2 34. Kc3 Bxh3 35. Kc4 Bf1+ 36. Kc5 g4 37. d5+ Kd7 38. Kd4 g3 39. Ke3 g2 40. Kf2 Kd6 0-1

[Event "Scarborough CC-ch Reserves U1700"]
[Site "Toronto"]
[Date "2010.03.18"]
[Round "4"]
[White "Yusuf, Magas"]
[Black "Smith, Maurice"]
[Result "1-0"]
[WhiteElo "1646"]
[BlackElo "1639"]
[PlyCount "110"]
[EventDate "2010.02.25"]
[EventType "swiss"]
[EventRounds "9"]
[EventCountry "CAN"]
[SourceTitle "EXT 2022"]
[Source "ChessBase"]
[SourceDate "2021.10.06"]
[SourceVersion "1"]
[SourceVersionDate "2021.10.06"]
[SourceQuality "1"]

1. d4 Nf6 2. Nf3 d5 3. c4 c6 4. cxd5 cxd5 5. Nc3 Nc6 6. Bf4 Bf5 7. e3 a6 8. Qb3 b5 9. Rc1 Rc8 10. Be2 e6 11. 0-0 Be7 12. Nxb5 0-0 13. Nc3 a5 14. Na4 Nb4 15. a3 Bc2 16. Rxc2 Rxc2 17. Bd1 Rc8 18. axb4 Bxb4 19. Be2 Ne4 20. Bd3 h6 21. Bxe4 dxe4 22. Ne1 Rc6 23. Nc2 Be7 24. Nc3 Qc8 25. Rc1 Qa6 26. Ra1 Rfc8 27. d5 exd5 28. Nd4 Rb6 29. Qxd5 Rxb2 30. Nxe4 Qd3 31. h3 Rb1+ 32. Rxb1 Qxb1+ 33. Kh2 Rd8 34. Qf5 Qb7 35. Nd2 Bb4 36. Qb1 Qd5 37. Qb2 Qd7 38. Ne4 Qe8 39. Nd2 Qd7 40. Ne4 Qe8 41. f3 Qd7 42. Bxh6 Be7 43. Bxg7 Bd6+ 44. Nxd6 Qxd6+ 45. Kg1 Qg6 46. Be5 Re8 47. Bf4 Rc8 48. Qf2 Rc1+ 49. Kh2 Qb1 50. Qg3+ Kf8 51. Bd6+ Ke8 52. Qe5+ Kd8 53. Qe7+ Kc8 54. Qe8+ Kb7 55. Qd7+ Ka6 1-0

[Event "Toronto Howard Ridout op U1700"]
[Site "Toronto"]
[Date "2009.10.29"]
[Round "8"]
[White "Xie, Peter"]
[Black "Yusuf, Magas"]
[Result "1-0"]
[WhiteElo "1366"]
[BlackElo "1462"]
[PlyCount "47"]
[EventDate "2009.09.10"]
[EventType "swiss"]
[EventRounds "8"]
[EventCountry "CAN"]
[SourceTitle "EXT 2011"]
[Source "ChessBase"]
[SourceDate "2010.11.26"]
[SourceVersion "1"]
[SourceVersionDate "2010.11.26"]
[SourceQuality "1"]

1. e4 e5 2. Nf3 Nc6 3. Bb5 a6 4. Ba4 Nf6 5. 0-0 b5 6. Bb3 Be7 7. Re1 0-0 8. c3 d5 9. exd5 Nxd5 10. Nxe5 Nxe5 11. Rxe5 c6 12. Bxd5 cxd5 13. d4 Bd6 14. Re3 Qh4 15. h3 Bf5 16. Nd2 Rfe8 17. Nf3 Qf6 18. Qe2 Be4 19. Nd2 Bf4 20. Nxe4 Qg6 21. Nf6+ gxf6 22. Rxe8+ Rxe8 23. Qxe8+ Kg7 24. Bxf4 1-0

[Event "Toronto Howard Ridout op U1700"]
[Site "Toronto"]
[Date "2009.10.01"]
[Round "4"]
[White "Mahoney, Ian"]
[Black "Yusuf, Magas"]
[Result "1/2-1/2"]
[WhiteElo "1516"]
[BlackElo "1462"]
[PlyCount "84"]
[EventDate "2009.09.10"]
[EventType "swiss"]
[EventRounds "8"]
[EventCountry "CAN"]
[SourceTitle "EXT 2011"]
[Source "ChessBase"]
[SourceDate "2010.11.26"]
[SourceVersion "1"]
[SourceVersionDate "2010.11.26"]
[SourceQuality "1"]

1. e4 e5 2. Nf3 Nc6 3. Bb5 a6 4. Ba4 Nf6 5. 0-0 b5 6. Bb3 Be7 7. Re1 d6 8. c3 0-0 9. h3 Bb7 10. d4 exd4 11. cxd4 a5 12. Nc3 Ba6 13. Nd5 Re8 14. Nxe7+ Nxe7 15. Bg5 Ng6 16. Bd5 Rc8 17. Bc6 Re6 18. Qb3 h6 19. d5 Re7 20. Bxf6 gxf6 21. Bxb5 Rb8 22. a4 Qe8 23. Nd4 Bxb5 24. axb5 Rxe4 25. Re3 Rxe3 26. Qxe3 Qxe3 27. fxe3 Re8 28. Rxa5 Rxe3 29. Nf5 Re5 30. Nxh6+ Kg7 31. Ng4 Rxd5 32. b4 Ne5 33. Nxe5 fxe5 34. b6 Rd1+ 35. Kf2 cxb6 36. Rb5 d5 37. Rxb6 d4 38. Ke2 Rg1 39. g4 Rg3 40. Rd6 Rxh3 41. b5 Rb3 42. b6 d3+ 1/2-1/2

[Event "Toronto Howard Ridout op U1700"]
[Site "Toronto"]
[Date "2009.09.17"]
[Round "2"]
[White "Yusuf, Magas"]
[Black "Seedhouse, Jeff"]
[Result "1-0"]
[WhiteElo "1462"]
[BlackElo "1578"]
[PlyCount "71"]
[EventDate "2009.09.10"]
[EventType "swiss"]
[EventRounds "8"]
[EventCountry "CAN"]
[SourceTitle "EXT 2011"]
[Source "ChessBase"]
[SourceDate "2010.11.26"]
[SourceVersion "1"]
[SourceVersionDate "2010.11.26"]
[SourceQuality "1"]

1. e4 e5 2. Nf3 Nc6 3. c3 Nf6 4. d4 exd4 5. e5 Ng4 6. cxd4 Bb4+ 7. Bd2 Bxd2+ 8. Nbxd2 d6 9. Qa4 dxe5 10. h3 Nh6 11. Bb5 Qd5 12. Bxc6+ bxc6 13. dxe5 0-0 14. 0-0 Qb5 15. Qxb5 cxb5 16. Rac1 Be6 17. Rxc7 Rfc8 18. Rfc1 Bc4 19. Rxc8+ Rxc8 20. b3 Nf5 21. bxc4 bxc4 22. Rxc4 Rxc4 23. Nxc4 Kf8 24. Nd6 Ne7 25. Ng5 f6 26. Nxh7+ Kg8 27. exf6 gxf6 28. Nxf6+ Kg7 29. Nfe8+ Kg6 30. Nc7 a5 31. a4 Kf6 32. Nb7 Nc6 33. h4 Kg6 34. Na6 Nb4 35. Nxb4 axb4 36. Nc5 1-0

[Event "Scarborough CC-ch reserves U1700"]
[Site "Toronto"]
[Date "2009.03.26"]
[Round "5"]
[White "Xie, Peter"]
[Black "Yusuf, Magas"]
[Result "1-0"]
[WhiteElo "1493"]
[BlackElo "1318"]
[PlyCount "103"]
[EventDate "2009.02.26"]
[EventType "swiss"]
[EventRounds "9"]
[EventCountry "CAN"]
[SourceTitle "EXT 2011"]
[Source "ChessBase"]
[SourceDate "2010.11.26"]
[SourceVersion "1"]
[SourceVersionDate "2010.11.26"]
[SourceQuality "1"]

1. e4 e5 2. Nf3 Nc6 3. Bb5 a6 4. Ba4 Nf6 5. 0-0 d6 6. Re1 b5 7. Bb3 Bb7 8. c3 Be7 9. d3 0-0 10. Nbd2 b4 11. c4 Nd4 12. Nxd4 exd4 13. Nf3 c5 14. h3 Re8 15. Ba4 Rf8 16. Qe2 Qc7 17. Bf4 Qa5 18. Bc2 Rfe8 19. Qd1 Nd7 20. Re2 Bf6 21. Bxd6 Be5 22. Nxe5 Nxe5 23. f4 Nd7 24. f5 Ne5 25. Ba4 Bc6 26. Bxc6 Nxc6 27. Qf1 f6 28. Qf4 Ne5 29. Bxe5 Rxe5 30. h4 Rae8 31. h5 h6 32. Rf2 Qc7 33. Rf3 Qf7 34. Qh2 a5 35. Rg3 R8e7 36. Rg6 Qe8 37. Rf1 Qa4 38. g4 Kh7 39. g5 Rf7 40. b3 Qe8 41. gxh6 gxh6 42. Qf4 Qf8 43. Rxf6 Rg7+ 44. Rg6 Qf6 45. Qxh6+ Kg8 46. Rf2 Ree7 47. Rfg2 Rxg6 48. Rxg6+ Rg7 49. Kf1 Qe5 50. Qxg7+ Qxg7 51. f6 Qxg6 52. hxg6 1-0